Vận dụng dạy học nêu vấn đề trong giảng văn ở trường THCS
v.v...
Đã lưu trong:
| Tác giả chính: | |
|---|---|
| Định dạng: | Sách |
| Năm xuất bản: |
H.
Giáo dục
1999
|
| Chủ đề: | |
| Tags: |
Thêm thẻ
Không có thẻ, Hãy là người đầu tiên gắn thẻ bản ghi này!
|
| LEADER | 00582nam a2200169 4500 | ||
|---|---|---|---|
| 082 | |a 807 |b V500NH | ||
| 100 | |a Vũ Nho | ||
| 245 | |a Vận dụng dạy học nêu vấn đề trong giảng văn ở trường THCS |c Vũ Nho | ||
| 260 | |a H. |b Giáo dục |c 1999 | ||
| 300 | |a 55 tr. |c 21 cm. | ||
| 520 | |a v.v... | ||
| 653 | |a Văn học | ||
| 653 | |a Giảng văn | ||
| 653 | |a Trường Trung học cơ sở | ||
| 942 | |2 ddc |c SH | ||
| 999 | |c 9022 |d 9022 | ||
| 952 | |0 0 |1 0 |2 ddc |4 0 |6 807_000000000000000_V500NH |7 0 |8 800 |9 73865 |a qbu |b qbu |c D5 |d 2015-05-04 |g 3400 |o 807 V500NH |p 8693.c1 |r 2015-10-27 |w 2015-05-04 |y SH | ||